X-9 OTİZM VE KARDEŞİM (Record no. 587495)

MARC details
000 -LEADER
sabit uzunluktaki kontrol alanı 00276nam a2200109Ia 4500
001 - KONTROL NUMARASI
kontrol alanı 587495
005 - EN SON İŞLEMİN TARİH VE ZAMANI
kontrol alanı 20250717113817.0
008 - SABİT-UZUNLUKTA VERİ ÖĞELERİ--GENEL BİLGİ
sabit uzunluktaki kontrol alanı 250717s9999 xx 000 0 und d
245 #0 - ESER / YAZAR
ESER ADI X-9 OTİZM VE KARDEŞİM
Yazar Adı OUISIE SHAPIRO
260 ## - YAYIN, DAĞITIM, VB.
YAYIN EVİ TÜBİTAK YAYINLARI
Yayın, dağıtım tarihi, vb. 2015
300 ## - FİZİKSEL AÇIKLAMA
Diğer fiziksel ayrıntılar 20

No items available.